000 00301nam a22001457a 4500
008 210310b ||||| |||| 00| 0 eng d
020 _a9781269692755
041 _aeng
080 _a94
082 _a94
100 _a16
101 _aSHH
245 _aAmerican History
_cPearson
942 _2udc
_cBK
999 _c56169
_d56169